000 00600nam a22001817a 4500
005 20251108164034.0
008 250721s1988 xx 000 0 ara d
082 1 4 _a189.08/عدى
100 1 _aإبن عدى التكريتي، أبو زكريا يحيى بن عدى ...
245 1 0 _aمقالات يحيى بن عدي الفلسفية /
264 1 _aعمان :
_bالجامعة الأردنية،
_c1988.
300 _a472ص
650 1 7 _aالفلسفة الإسلامية
650 1 7 _aالمقالات
700 1 _aخليفات، سحبان
_eتحقيق
942 _2ddc
_cBK
999 _c2070
_d2070